Case news (Record no. 79121)

MARC details
000 -LEADER
fixed length control field 01063cab a22002055a 4500
001 - CONTROL NUMBER
control field L139881
008 - FIXED-LENGTH DATA ELEMENTS--GENERAL INFORMATION
fixed length control field 070816e20070803xxk f w 000 0 eng d
035 ## - SYSTEM CONTROL NUMBER
System control number (Sirsi) u139881
041 0# - LANGUAGE CODE
Language code of text/sound track or separate title eng
100 1# - MAIN ENTRY--PERSONAL NAME
Personal name Gordon, Warren
245 00 - TITLE STATEMENT
Title Case news
260 ## - PUBLICATION, DISTRIBUTION, ETC.
Date of publication, distribution, etc. 2007
490 ## - SERIES STATEMENT
Series statement Property Week
Volume/sequential designation 72(31) 3 August 2007, 72(1)
520 ## - SUMMARY, ETC.
Summary, etc. Discusses the case of Chiltern District Council V Webb. Members of a travelling fair sought to use agricultural land permanently using hard-surfaced plots for their mobile homes. The application was rejected by the Secretary of State in 2002. In 2004 the fair moved onto the site. In 2007 the council applied for an injunction to clear the site. The High Court granted this. However it was suspended pending the outcome of a further planning application by the fair. Based on a government circular calling for more land for travelling showpeople this may be successful.
590 ## - LOCAL NOTE (RLIN)
Local note KA
650 24 - SUBJECT ADDED ENTRY--TOPICAL TERM
Topical term or geographic name entry element CHILTERN DC V WEBB
651 #4 - SUBJECT ADDED ENTRY--GEOGRAPHIC NAME
Geographic name England and Wales
Chronological subdivision 1543-
690 ## - LOCAL SUBJECT ADDED ENTRY--TOPICAL TERM (OCLC, RLIN)
Topical term or geographic name as entry element Planning and development
9 (RLIN) 6259
942 ## - ADDED ENTRY ELEMENTS (KOHA)
Suppress in OPAC 0
Holdings
Withdrawn status Lost status Source of classification or shelving scheme Damaged status Not for loan Home library Current library Shelving location Date acquired Total Checkouts Full call number Barcode Date last seen Copy number Price effective from Koha item type
    Dewey Decimal Classification     London London Journal article 16/08/2007   L139881 139881-1001 06/08/2019 1 06/08/2019 Journal article